000 00799nam a2200241Ia 4500
003 GCL
008 140319s9999 xx 000 0 ara d
040 _aGCL /
_cGCL
082 0 4 _a355.43
_bع م
245 1 0 _aالمؤسسة العسكرية الاسرائيلية الاستراتيجية.البناء.الاطار الفكرى
260 _a[S.N] :
_bمعهد البحوث والدراسات العربية ،
_c1977
300 _a356 ص
490 _a
650 0 4 _aالنزاع العربى الاسرائيلى
650 0 4 _aاسرائيل
650 0 4 _aقيادة الجيوش
650 0 4 _aالجيش
650 0 4 _aالاستراتيجية
650 0 4 _aالقوات المسلحة
650 0 4 _aالتكتيك الحربى
650 0 4 _aجيش الدفاع
942 _2ddc
_cBK
999 _c29996
_d29996